00573nam a2200217 a 4500001001300000003000900013005001700022008004100039020001000080082001700090100002100107245005200128260004300180300000900223500003500232505001000267650001800277650002000295650001900315700002100334nice12345678IN_TiNIC20260116012556.0050524s1981 lona grp 000 0 eng  ac12500a954.035bAHM aAhmed, Rafiuddin aBengal Muslims 1871-1906b a Quest for Identity aLondonbOxford University Press c1981 a263p aincludes index and biblioraphy2 aIndex aIndia-History aIslam-Movements aMuslims-Bengal1 aAhmed, Rafiuddin